Antología poética (Record no. 23940)

MARC details
000 -LEADER
campo de control de longitud fija 00758nam a2200241 i 4500
001 - NÚMERO DE CONTROL
campo de control 23940
003 - IDENTIFICADOR DE NÚMERO DE CONTROL
campo de control ES-MaACL
005 - FECHA Y HORA DE LA ÚLTIMA TRANSACCIÓN
campo de control 20240512063032.0
007 - CAMPO FIJO DE DESCRIPCIÓN FÍSICA--INFORMACIÓN GENERAL
campo de control de longitud fija t|
008 - DATOS DE LONGITUD FIJA--INFORMACIÓN GENERAL
campo de control de longitud fija 021213s1981 sp ||||1| spa d
020 ## - NÚMERO INTERNACIONAL ESTÁNDAR DEL LIBRO
Número Internacional Estándar del Libro 84-01-81041-8
080 ## - NÚMERO DE LA CLASIFICACIÓN DECIMAL UNIVERSAL
Número de la Clasificación Decimal Universal 821.134.3-1"19"(082.2)
100 1# - ENTRADA PRINCIPAL--NOMBRE DE PERSONA
Nombre de persona Andrade, Eugénio de,
Fechas asociadas al nombre 1923-2005
9 (RLIN) 21508
245 10 - MENCIÓN DEL TÍTULO
Título Antología poética
Resto del título : 1940-1980 /
Mención de responsabilidad, etc. Eugénio de Andrade ; versión de Ángel Crespo.
250 ## - MENCION DE EDICION
Mención de edición 1ª ed.
260 ## - PUBLICACIÓN, DISTRIBUCIÓN, ETC.
Lugar de publicación, distribución, etc. [Barcelona] :
Nombre del editor, distribuidor, etc. Plaza y Janés,
Fecha de publicación, distribución, etc. 1981.
300 ## - DESCRIPCIÓN FÍSICA
Extensión 281 p. ;
Dimensiones 19 cm.
504 ## - NOTA DE BIBLIOGRAFÍA, ETC.
Nota de bibliografía, etc. Bibliografía: p. 35-38.
546 ## - NOTA DE IDIOMA
Nota de lengua/lenguaje Texto paralelo en portugués y español.
700 1# - ENTRADA AGREGADA--NOMBRE PERSONAL
Nombre de persona Crespo, Ángel,
Fechas asociadas al nombre 1926-1995
9 (RLIN) 41513
852 ## - LOCALIZACIÓN
Ubicación ES-MaACL
Número de control de estantería L-1697
Holdings
Estatus retirado Estado de pérdida Estado de daño No para préstamo Biblioteca de origen Biblioteca actual Ubicación en estantería Fecha de adquisición Fuente de adquisición Total de préstamos Signatura topográfica completa Código de barras Visto por última vez Precio de reemplazo Tipo de ítem Koha
        Biblioteca del Ateneo de Madrid Biblioteca del Ateneo de Madrid Depósito 2 17/01/2008     L-1697 1024674 23/02/2023 23/02/2023 Libro impreso